000 00367nam a22001337a 4500
082 _a891.4392
_bBAI
_cN-02,P-100
100 _aBaig, Mirza Ather
_951833
245 _aغلام باغ
260 _aLahore,
_bsanjth,
_c2018.
300 _a878 p.
_c23pm.
526 _a0
_b0
_c0
_d891_439200000000000_BAI
650 _aNovel, Urdu Adab
_bUrdu Books
_951834
942 _2ddc
_cBK
999 _c554375
_d554375